00623nam a2200205Ia 450000500170000000800410001708200140005810000260007224500740009826000500017230000170022265000100023965000130024965000080026265000170027065000110028794200060029895200980030499900150040220240510015513.0240331s9999 xx 000 0 und d bROLa5676 aSri Lanka foundation  4aThe role of women workers in the plantation economy :bseminar report aColombobSri Lanka Foundation Institutec1979 avi, 141 p ., aWoman aEconomic aLaw aHuman Rights aSocial cL 001040708LaWERCLbWERCLcSSCd2024-03-31l0o 331.62 ROLp5676r2024-03-31w2024-03-31yL c2724d2724